Sapstain fungi of some commercially important timbers and their chemical control (Record no. 68407)

MARC details
000 -LEADER
fixed length control field 00503nam a2200169Ia 4500
100 ## - MAIN ENTRY--AUTHOR NAME
Personal name Florence E J M
245 #0 - TITLE STATEMENT
Title Sapstain fungi of some commercially important timbers and their chemical control
260 ## - PUBLICATION, DISTRIBUTION, ETC. (IMPRINT)
Name of publisher Kerala Forest Research Institute Research Report
Year of publication 1992
300 ## - PHYSICAL DESCRIPTION
Number of Pages 27p
500 ## - GENERAL NOTE
General note Source Year: 1993
650 ## - SUBJECT ADDED ENTRY--TOPICAL TERM
Topical Term Botryodiplodia theobromae
650 ## - SUBJECT ADDED ENTRY--TOPICAL TERM
Topical Term Fungal diseases
650 ## - SUBJECT ADDED ENTRY--TOPICAL TERM
Topical Term Timber trees
856 ## - ELECTRONIC LOCATION AND ACCESS
Uniform Resource Identifier ATA
942 ## - ADDED ENTRY ELEMENTS (KOHA)
Koha item type Journals
Holdings
Withdrawn status Lost status Damaged status Not for loan Home library Current library Shelving location Date acquired Serial Enumeration / chronology Koha item type
      Journals RRII Library RRII Library Rubber general 17/12/2021 Volume No, Issue 80 Journals